Použitie brivudínu na liečenie infekcií herpes alebo post-herpetickej neuralgie /
Uložené v:
| Hlavní autori: | , , |
|---|---|
| Korporácia: | , |
| Médium: | Patent |
| Jazyk: | Slovak Italian German |
| Vydané: |
Banská Bystrica :
Úrad priemyselného vlastníctva SR,
2009.
|
| Témy: | |
| Fyzický popis: |
10 s. |
| Tagy: |
Pridať tag
Žiadne tagy, Buďte prvý kto otaguje tento záznam!
|
Titul je dostupný aj v ... 

MARC
| LEADER | 00000nam a2200000 a 4500 | ||
|---|---|---|---|
| 001 | 000355421 | ||
| 003 | SVKKK | ||
| 005 | 20091201155153.0 | ||
| 008 | 091201s2009 xo f j #0|| 0#slo c | ||
| 013 | |a 957-2001 |b IT |d 4.3.2003 |d 7.10.2009 |d 30.9.2009 | ||
| 040 | |a SVK |b slo |c SVK |e AACR2 | ||
| 041 | 1 | # | |a slo |h ita |h ger |
| 044 | |a xo |c SK | ||
| 084 | |a A61K 31/513 |2 MPT | ||
| 084 | |a A61P 31/00 |2 MPT | ||
| 100 | 1 | |a Casini, Alessandro |4 inv | |
| 245 | 1 | 0 | |a Použitie brivudínu na liečenie infekcií herpes alebo post-herpetickej neuralgie / |c Casini Alessandro. |
| 260 | # | |a Banská Bystrica : |b Úrad priemyselného vlastníctva SR, |c 2009. | |
| 300 | |a 10 s. | ||
| 655 | 7 | |a patenty |2 SVKPH | |
| 700 | 1 | # | |a Stubinski, Bettina |4 inv |
| 700 | 1 | # | |a Crea, Attilio |4 inv |
| 710 | 2 | # | |a Berlin-Chemie AG (Berlin, DE) |4 pth |
| 710 | 2 | # | |a Menarini Ricerche S. p. A. (Pomezia, IT) |4 pth |
| 910 | |a svkkk | ||
| 998 | |a PA | ||
| 090 | |g SCKHL |k SK41 |a 287 043 |j 2802 |i B174274 |s Vyradená | ||